| 000 | 01058nam a2200325 i 4500 | ||
|---|---|---|---|
| 001 | 000037687 | ||
| 003 | DO-SdBNP | ||
| 005 | 20250626105702.0 | ||
| 007 | ta | ||
| 008 | 121115s2012 dr 000 0 spa d | ||
| 020 | _a9789945489095 | ||
| 040 |
_aDO-SdBNP _bspa _cBNPHU _erda |
||
| 041 | _aspa | ||
| 082 | 4 |
_aRD861.44 _bG861n _222 |
|
| 100 | 1 |
_aGrimaldi Silié, Eleanor, _d1948- _eautor _4aut. _985713 |
|
| 245 | 1 | 0 |
_aNaturaleza multicolor / _cEleanor Grimaldi Silié. |
| 264 | 4 |
_aSanto Domingo, Republica Dominicana : _bEditorial Santuario, _c2012. |
|
| 300 |
_a75 páginas ; _c24 cm. |
||
| 336 |
_atexto _btxt _2rdacontent |
||
| 337 |
_asin mediación _bn _2rdamedia |
||
| 338 |
_avolumen _bnc _0rdacarrier |
||
| 500 | _aIncluye datos biográfico del autor en las solapas | ||
| 590 | _aInventariado, 2022/BT | ||
| 650 | 4 |
_aPoesía dominicana _966 |
|
| 650 | 4 |
_aLiteratura dominicana. _967 |
|
| 650 | 4 |
_aHaikus dominicanos _988156 |
|
| 700 | 1 |
_aSantana, Amado, _4Diagramador _97207 |
|
| 910 | _aValidado. Control de Calidad/MAA | ||
| 942 |
_2ddc _cLBS1 |
||
| 999 |
_c37177 _d37177 |
||